Adivinhas coloridas (Registo nº 3709)

Detalhes MARC
000 -Etiqueta do registo
Cabeçalho 00875nam a2200301 4500
005 - Identificador da versão
Campo de controlo 20240813122040.0
010 ## - Número internacional normalizado dos livros (ISBN)
Número (ISBN) 9724311236
021 ## - Número do Depósito Legal
Código do país PT
Número 241560/06
100 ## - Dados gerais de processamento
Dados gerais de processamento 20080211d2006 bc y0pory5003 ba
102 ## - Pais de publicação ou produção
País de publicação Portugal
101 0# - Língua de publicação
Língua do texto, banda sonora, etc. Português
215 ## - Descrição física 
Indicação específica da natureza do documento e extensão da espécie [27] p.
Outras indicações físicas il.
Dimensões 29 cm
200 1# - Titulo e menção de responsabilidade
Título próprio Adivinhas coloridas
Primeira menção de responsabilidade rec. e aut. Tiago Salgueiro
Outras menções de responsabilidade il. Elsa Navarro
-- rev. Aurélio Moreira
225 1# - Colecção 
Título próprio da colecção Lua de papel
205 ## - Menção da edição
Menção da edição 1ª ed
210 ## - Publicação, Distribuição, etc. 
Lugar da edição, distribuição, etc. Porto
Nome do editor, distribuidor, etc. Ambar
Data da publicação, distribuição, etc. 2006
606 ## - Nome comum usado como assunto
Número de registo de entrada de autoridade 0000093
Palavra de ordem Adivinhas|2CA
Número de registo de entrada de autoridade 0000094
Palavra de ordem Literatura portuguesa|2CA
675 ## - Classificação Decimal Universal (CDU)
Notação 398.6
Edição 3ª ed.
Língua da edição por
Notação 821.134.3-84
Edição 3ª ed.
Língua da edição por
702 #1 - Nome de autor-pessoa física (responsabilidade secundária)
Número de registo de entrada de autoridade 0000098
Palavra de ordem Moreira
Outra parte do nome não tomada para palavra de ordem Aurélio Carlos
Código de função Autor de recensão / Crítico
Número de registo de entrada de autoridade 0000099
Palavra de ordem Navarro
Outra parte do nome não tomada para palavra de ordem Elsa
Código de função Ilustrador / Técnico de desenho computorizado
700 #1 - Nome de autor-pessoa física (responsabilidade principal)
Número de registo de entrada de autoridade 0000097
Palavra de ordem Salgueiro
Outra parte do nome não tomada para palavra de ordem Tiago
942 ## - Elementos de entrada adicionados (Koha)
Tipo de item no Koha Livro
Exemplares
Situação do levantamento Origin of item (home branch) (coded) Biblioteca de empréstimo Código de barras Cota Circulation type (not for loan) Tipo de documento Nota do exemplar Damaged status
  Biblioteca Escolar das Vendas Biblioteca Escolar das Vendas BEV1714 8POR SAL   Livro Sem mensagem